Poptávka po penězích a ražebné v období transformace

Makroekonomický vývoj v ČR v uplynulých štyroch rokoch, priebeh transformácie. Analýza stabilizácie pomeru verejného dlhu a HDP prostredníctvom zvýšených výnosov z ražobného. Pojem ražobného a spôsob, ako sa používa pre financovanie štátneho rozpočtu. Model pre určenie maximálnej výšky ražobného. Od...

ver descrição completa

Na minha lista:
Detalhes bibliográficos
Autor principal: Hanousek, Jan
Outros Autores: Kubín, J., Tůma, Zdeněk
Formato: Capítulo de Livro
Idioma:tcheco
Assuntos:
Tags: Adicionar Tag
Sem tags, seja o primeiro a adicionar uma tag!

MARC

LEADER 00000naa a2200000 4500
001 r017609
005 20221205101708.9
041 0 |a cze 
044 |a CZ 
245 1 0 |a Poptávka po penězích a ražebné v období transformace  |c J. Hanousek, J. Kubín, Z. Tůma 
520 |a Makroekonomický vývoj v ČR v uplynulých štyroch rokoch, priebeh transformácie. Analýza stabilizácie pomeru verejného dlhu a HDP prostredníctvom zvýšených výnosov z ražobného. Pojem ražobného a spôsob, ako sa používa pre financovanie štátneho rozpočtu. Model pre určenie maximálnej výšky ražobného. Odhad funkcie dopytu po peniazoch. Optimálne tempo rastu peňazí vzhľadom k ražobnému. 
610 2 0 |a peniaze 
610 2 0 |a Česko 
610 2 0 |a transformácia 
610 2 0 |a dlhy verejné 
610 2 0 |a dopyt 
610 2 0 |a zásoba peňažná 
610 2 0 |a inflácia 
610 2 0 |a miera úroková 
610 2 0 |a modely 
610 2 0 |a produkt domáci hrubý 
610 2 0 |a rozpočet štátny 
610 2 0 |a makroekonomika 
100 1 |a Hanousek, Jan 
700 1 |a Kubín, J. 
700 1 |a Tůma, Zdeněk